000 00491nam a2200145 4500
999 _c10022
_d10022
008 180725b ||||| |||| 00| 0 eng d
022 _a2094-8042
082 _aDPer 370.105 M72 Jan-Dec 2011
100 _929618
_aLuna, Gabriel L.
245 _aWhat three magic words can do:
_binspirational statements of lovers/
_cGabriel L. Luna.
260 _aPhilippines;
_bIn The Grade School, Inc.,
_cc2011.
300 _av59 n9, page 383;
_c27cm.
650 0 _929619
_aLove stories.
942 _2ddc
_cPER